[Event "Winnipeg TNT July op"]
[Site "Winnipeg CAN"]
[Date "2011.07.12"]
[Round "2"]
[White "Lauritson, Jim"]
[Black "Wasserman, Leor"]
[Result "0-1"]
[WhiteElo "1487"]
[BlackElo "1829"]
[PlyCount "48"]
[GameId "2160767909704117"]
[EventDate "2011.07.05"]
[EventType "swiss"]
[EventRounds "4"]
[EventCountry "CAN"]
[SourceTitle "EXT 2022"]
[Source "ChessBase"]
[SourceDate "2021.10.06"]
[SourceVersion "1"]
[SourceVersionDate "2021.10.06"]
[SourceQuality "1"]

1. d4 Nf6 2. Nf3 d5 3. Bf4 Bf5 4. e3 e6 5. Be2 Bd6 6. Bxd6 cxd6 7. Nbd2 h6 8. Rc1 O-O 9. b3 Nbd7 10. c4 dxc4 11. Nxc4 d5 12. Nce5 Ne4 13. Bd3 Qa5+ 14. Kf1 Nxe5 15. Nxe5 Qxa2 16. Bxe4 Bxe4 17. f3 Bh7 18. Nd7 Rfc8 19. Nc5 b6 20. Ra1 Qb2 21. Qc1 Qxc1+ 22. Rxc1 bxc5 23. dxc5 Rab8 24. Rc3 Rb5 0-1

[Event "Winnipeg TNT July op"]
[Site "Winnipeg CAN"]
[Date "2011.07.12"]
[Round "2"]
[White "Li, Kevin"]
[Black "Kaptsan, Aron"]
[Result "1/2-1/2"]
[WhiteElo "2210"]
[BlackElo "2007"]
[PlyCount "94"]
[GameId "2160767909704118"]
[EventDate "2011.07.05"]
[EventType "swiss"]
[EventRounds "4"]
[EventCountry "CAN"]
[SourceTitle "EXT 2022"]
[Source "ChessBase"]
[SourceDate "2021.10.06"]
[SourceVersion "1"]
[SourceVersionDate "2021.10.06"]
[SourceQuality "1"]

1. e4 e5 2. Nf3 Nc6 3. Bb5 a6 4. Bxc6 dxc6 5. d3 Qd6 6. Nbd2 Be6 7. Qe2 O-O-O 8. Nc4 Bxc4 9. dxc4 f6 10. Be3 Ne7 11. O-O Ng6 12. Rad1 Qe6 13. Rxd8+ Kxd8 14. Rd1+ Kc8 15. Nd2 Be7 16. Nb3 Rd8 17. Rxd8+ Kxd8 18. f3 Kc8 19. Qd3 Qd7 20. Kf2 Nf8 21. Ke2 Ne6 22. c3 Qxd3+ 23. Kxd3 c5 24. Nd2 Kd7 25. Nf1 Nf4+ 26. Bxf4 exf4 27. Nd2 Bd6 28. a3 a5 29. a4 Be5 30. Nb3 b6 31. Nc1 g5 32. Ne2 h5 33. g3 fxg3 34. hxg3 Ke6 35. f4 Bd6 36. Ke3 c6 37. Kf3 Bc7 38. Nc1 Bd6 39. Nd3 Be7 40. g4 hxg4+ 41. Kxg4 gxf4 42. Nxf4+ Kf7 43. Kf5 Bd6 44. Ng6 Bc7 45. e5 fxe5 46. Nxe5+ Bxe5 47. Kxe5 Ke7 1/2-1/2

[Event "Winnipeg TNT July op"]
[Site "Winnipeg CAN"]
[Date "2011.07.12"]
[Round "2"]
[White "Milward, David"]
[Black "Lipic, Stephen"]
[Result "0-1"]
[WhiteElo "1706"]
[BlackElo "1850"]
[PlyCount "74"]
[GameId "2160767909704120"]
[EventDate "2011.07.05"]
[EventType "swiss"]
[EventRounds "4"]
[EventCountry "CAN"]

1. e4 c6 2. d4 d5 3. e5 Bf5 4. h4 Qb6 5. Bd3 Bxd3 6. Qxd3 Qa6 7. Qh3 e6 8. Nc3 Ne7 9. Nge2 b5 10. O-O b4 11. Nd1 Qxe2 12. Bg5 h5 13. Ne3 Qa6 14. f4 g6 15. Bf6 Rg8 16. a3 b3 17. cxb3 Nf5 18. Nxf5 gxf5 19. Bg5 Nd7 20. Rac1 c5 21. dxc5 Bxc5+ 22. Kh1 Rc8 23. Rc2 Be7 24. Rfc1 Rxc2 25. Rxc2 Bxg5 26. hxg5 Qf1+ 27. Kh2 Qxf4+ 28. g3 Qxg5 29. Rc8+ Ke7 30. Rxg8 Qxg8 31. Qh4+ f6 32. exf6+ Nxf6 33. Qb4+ Kf7 34. Qb7+ Kg6 35. Qxa7 Ne4 36. Qd4 Qb8 37. Qe3 h4 0-1

[Event "Winnipeg TNT July op"]
[Site "Winnipeg CAN"]
[Date "2011.07.12"]
[Round "2"]
[White "Pottinger, Carl"]
[Black "Lauritson, Jim"]
[Result "0-1"]
[WhiteElo "1892"]
[BlackElo "2023"]
[PlyCount "74"]
[GameId "2160767909704121"]
[EventDate "2011.07.05"]
[EventType "swiss"]
[EventRounds "4"]
[EventCountry "CAN"]
[SourceTitle "EXT 2022"]
[Source "ChessBase"]
[SourceDate "2021.10.06"]
[SourceVersion "1"]
[SourceVersionDate "2021.10.06"]
[SourceQuality "1"]

1. e4 c5 2. c4 Nc6 3. Nc3 g6 4. Nge2 Bg7 5. g3 e6 6. Bg2 Nge7 7. O-O O-O 8. d3 d6 9. Be3 Nd4 10. Bxd4 cxd4 11. Nb5 Nc6 12. Qd2 a6 13. Na3 e5 14. b4 g5 15. Nc2 Nb8 16. a4 Be6 17. a5 Nd7 18. Rfb1 Qf6 19. b5 Nc5 20. bxa6 bxa6 21. Rb6 Rfb8 22. Rab1 Qd8 23. Nc1 h6 24. Qb4 Nd7 25. Qxd6 Nxb6 26. Qxd8+ Rxd8 27. axb6 Bf8 28. Nb4 Bxb4 29. Rxb4 a5 30. Rb2 a4 31. c5 a3 32. Rc2 Rab8 33. h4 Rdc8 34. Kh2 Rxb6 35. Bh3 Rb2 36. Rc4 Bxc4 37. Bxc8 a2 0-1

[Event "Winnipeg TNT July op"]
[Site "Winnipeg CAN"]
[Date "2011.07.12"]
[Round "2"]
[White "Reimer, Bruce"]
[Black "Trueman, Francis"]
[Result "1-0"]
[WhiteElo "1641"]
[BlackElo "1458"]
[PlyCount "67"]
[GameId "2160767909704122"]
[EventDate "2011.07.05"]
[EventType "swiss"]
[EventRounds "4"]
[EventCountry "CAN"]
[SourceTitle "EXT 2022"]
[Source "ChessBase"]
[SourceDate "2021.10.06"]
[SourceVersion "1"]
[SourceVersionDate "2021.10.06"]
[SourceQuality "1"]

1. c4 e5 2. g3 Nf6 3. Bg2 Bc5 4. Nc3 O-O 5. e3 Re8 6. a3 a6 7. Nge2 c6 8. b4 Ba7 9. c5 d5 10. d4 e4 11. O-O Bg4 12. f3 exf3 13. Bxf3 Bh3 14. Bg2 Bxg2 15. Kxg2 Nbd7 16. Nf4 Bb8 17. Qf3 Re7 18. Bd2 Nf8 19. Nh5 Nxh5 20. Qxh5 Ne6 21. Rf2 g6 22. Qh4 Qd7 23. Raf1 Ng7 24. e4 Bc7 25. Bg5 Rxe4 26. Nxe4 dxe4 27. Rxf7 Qxd4 28. Rxc7 Qd5 29. Kh3 Qe6+ 30. g4 Nh5 31. Be3 Re8 32. Kg2 Qb3 33. Qf2 Qe6 34. gxh5 1-0

[Event "Winnipeg TNT July op"]
[Site "Winnipeg CAN"]
[Date "2011.07.12"]
[Round "2"]
[White "Rutter, Blair"]
[Black "Iomdina, Alexander"]
[Result "1-0"]
[WhiteElo "1876"]
[BlackElo "1403"]
[PlyCount "51"]
[GameId "2160767909704123"]
[EventDate "2011.07.05"]
[EventType "swiss"]
[EventRounds "4"]
[EventCountry "CAN"]
[SourceTitle "EXT 2022"]
[Source "ChessBase"]
[SourceDate "2021.10.06"]
[SourceVersion "1"]
[SourceVersionDate "2021.10.06"]
[SourceQuality "1"]

1. c4 c5 2. g3 g6 3. Bg2 Bg7 4. Nc3 Nc6 5. e4 d6 6. Nge2 Nf6 7. O-O O-O 8. h3 a6 9. d3 Rb8 10. a4 Nh5 11. Kh2 f5 12. f4 e5 13. Be3 fxe4 14. Bxe4 Bh6 15. Qd2 Be6 16. Nd5 Nd4 17. Rae1 Qd7 18. Bg2 Qxa4 19. Nec3 Qc2 20. Ne4 Qxd2 21. Bxd2 Rbd8 22. Ba5 Rd7 23. g4 Ng7 24. g5 Ngf5 25. Nef6+ Kh8 26. Nxd7 1-0

[Event "Winnipeg TNT July op"]
[Site "Winnipeg CAN"]
[Date "2011.07.12"]
[Round "2"]
[White "Schwartz, Leah"]
[Black "Milord, Frank"]
[Result "0-1"]
[WhiteElo "1319"]
[BlackElo "1662"]
[PlyCount "44"]
[GameId "2160767909704124"]
[EventDate "2011.07.05"]
[EventType "swiss"]
[EventRounds "4"]
[EventCountry "CAN"]
[SourceTitle "EXT 2022"]
[Source "ChessBase"]
[SourceDate "2021.10.06"]
[SourceVersion "1"]
[SourceVersionDate "2021.10.06"]
[SourceQuality "1"]

1. e4 c5 2. Nf3 Nc6 3. g3 d6 4. Bg2 Nf6 5. Nc3 Bg4 6. h3 Bh5 7. O-O h6 8. g4 Bg6 9. d4 cxd4 10. Nxd4 Rc8 11. Qe2 Nxd4 12. Qd1 Nc6 13. g5 hxg5 14. Bxg5 e6 15. Nb5 a6 16. Nxd6+ Qxd6 17. Qxd6 Bxd6 18. Rad1 Bc5 19. c3 Nxe4 20. Bxe4 Bxe4 21. a3 Rxh3 22. Rfe1 Rh1# 0-1

[Event "Winnipeg TNT July op"]
[Site "Winnipeg CAN"]
[Date "2011.07.19"]
[Round "3"]
[White "Babb, Jeff"]
[Black "Kaptsan, Aron"]
[Result "1-0"]
[WhiteElo "2146"]
[BlackElo "2007"]
[PlyCount "37"]
[GameId "2160767909704125"]
[EventDate "2011.07.05"]
[EventType "swiss"]
[EventRounds "4"]
[EventCountry "CAN"]
[SourceTitle "EXT 2022"]
[Source "ChessBase"]
[SourceDate "2021.10.06"]
[SourceVersion "1"]
[SourceVersionDate "2021.10.06"]
[SourceQuality "1"]

1. e4 e5 2. Nc3 Nf6 3. f4 d5 4. fxe5 Nxe4 5. d3 Nxc3 6. bxc3 d4 7. Nf3 dxc3 8. Be2 Be7 9. O-O c5 10. Qe1 O-O 11. Qg3 Kh8 12. Ng5 f6 13. exf6 Bxf6 14. Bf4 Bxg5 15. Bxg5 Qe8 16. Bh5 Rxf1+ 17. Rxf1 g6 18. Bh6 Bf5 19. Rxf5 1-0

[Event "Winnipeg TNT July op"]
[Site "Winnipeg CAN"]
[Date "2011.07.19"]
[Round "3"]
[White "Baron, Cody"]
[Black "Gregoryanz, Philipp"]
[Result "1-0"]
[WhiteElo "1302"]
[BlackElo "1459"]
[PlyCount "139"]
[GameId "2160767909704126"]
[EventDate "2011.07.05"]
[EventType "swiss"]
[EventRounds "4"]
[EventCountry "CAN"]
[SourceTitle "EXT 2022"]
[Source "ChessBase"]
[SourceDate "2021.10.06"]
[SourceVersion "1"]
[SourceVersionDate "2021.10.06"]
[SourceQuality "1"]

1. e4 e5 2. Nc3 Nf6 3. Nf3 d6 4. h3 Nc6 5. Bb5 Bd7 6. Bc4 h6 7. O-O Be7 8. d4 exd4 9. Nxd4 O-O 10. Bb5 Nxd4 11. Bxd7 Nxc2 12. Qxc2 Qxd7 13. Qb3 Qc6 14. Re1 Rfe8 15. Be3 a6 16. Rac1 Nxe4 17. Nd5 Nc5 18. Nxe7+ Rxe7 19. Bxc5 Rxe1+ 20. Rxe1 dxc5 21. Re7 Rf8 22. Qf3 Qxf3 23. gxf3 Rc8 24. b3 Kf8 25. Re5 b6 26. Kf1 f6 27. Rd5 c6 28. Rd7 a5 29. Ke2 Re8+ 30. Kd3 Re7 31. Rd6 Rc7 32. Ke4 Ke7 33. Rd3 Ke6 34. Kf4 g5+ 35. Kg4 Rc8 36. Kh5 Rh8 37. Kg6 h5 38. Kg7 Rc8 39. Re3+ Kf5 40. Re7 g4 41. fxg4+ hxg4 42. hxg4+ Kxg4 43. Kxf6 Kf3 44. Ke6 Kxf2 45. Kd7 Rh8 46. Kxc6 Rh6+ 47. Kb5 Rd6 48. Rb7 Rd2 49. a4 Rb2 50. Kc4 Rc2+ 51. Kd3 Rb2 52. Rxb6 Ke1 53. Kc4 Kd2 54. Kxc5 Kc3 55. Ra6 Rxb3 56. Rxa5 Rb4 57. Ra8 Kb3 58. a5 Ra4 59. a6 Ra5+ 60. Kb6 Kb4 61. a7 Rb5+ 62. Kc7 Rc5+ 63. Kd6 Ra5 64. Rb8+ Ka4 65. a8=Q Rxa8 66. Rxa8+ Kb5 67. Rb8+ Kc4 68. Rc8+ Kd4 69. Ke6 Ke4 70. Rd8 1-0

[Event "Winnipeg TNT July op"]
[Site "Winnipeg CAN"]
[Date "2011.07.19"]
[Round "3"]
[White "Bince, Rolando"]
[Black "Joven, Perfecto"]
[Result "1-0"]
[WhiteElo "2064"]
[BlackElo "2010"]
[PlyCount "115"]
[GameId "2160767909704127"]
[EventDate "2011.07.05"]
[EventType "swiss"]
[EventRounds "4"]
[EventCountry "CAN"]
[SourceTitle "EXT 2022"]
[Source "ChessBase"]
[SourceDate "2021.10.06"]
[SourceVersion "1"]
[SourceVersionDate "2021.10.06"]
[SourceQuality "1"]

1. Nf3 Nf6 2. c4 g6 3. Nc3 Bg7 4. d4 d6 5. e4 O-O 6. Be2 e5 7. dxe5 dxe5 8. Qxd8 Rxd8 9. Bg5 c6 10. Nxe5 Re8 11. Bxf6 Bxf6 12. f4 Bxe5 13. fxe5 Rxe5 14. O-O-O Re8 15. Rhe1 Be6 16. b3 Nd7 17. h3 Re7 18. Bf3 Ne5 19. Be2 Rae8 20. g4 Bc8 21. Rd6 Nd7 22. Bf3 Nc5 23. Kc2 f5 24. gxf5 Bxf5 25. b4 Na6 26. a3 Bxh3 27. Red1 Rf7 28. Be2 Rf2 29. Kd3 Kg7 30. Ke3 Rf7 31. Rh1 Bc8 32. Rhd1 Nc7 33. b5 cxb5 34. cxb5 Ne6 35. Bc4 Rc7 36. Kd3 Nf4+ 37. Kd4 Bg4 38. Rd2 Rec8 39. Be2 Ne6+ 40. Ke5 Bxe2 41. Nxe2 Ng5 42. Rd7+ Nf7+ 43. Kf4 g5+ 44. Kf5 Rc5+ 45. R2d5 R8c7 46. e5 Rxd7 47. Rxc5 Re7 48. Nd4 Nd8 49. Rc8 Nf7 50. Ne6+ Kh6 51. Rc1 Rxe6 52. Kxe6 Kg6 53. Rc7 Nh6 54. Rxb7 g4 55. b6 axb6 56. Rxb6 Nf5 57. Kd5+ Kg5 58. Ke4 1-0

[Event "Winnipeg TNT July op"]
[Site "Winnipeg CAN"]
[Date "2011.07.19"]
[Round "3"]
[White "Campbell, Gary"]
[Black "Melamedoff, Gustavo"]
[Result "0-1"]
[WhiteElo "1711"]
[BlackElo "2138"]
[PlyCount "59"]
[GameId "2160767909704128"]
[EventDate "2011.07.05"]
[EventType "swiss"]
[EventRounds "4"]
[EventCountry "CAN"]
[SourceTitle "EXT 2022"]
[Source "ChessBase"]
[SourceDate "2021.10.06"]
[SourceVersion "1"]
[SourceVersionDate "2021.10.06"]
[SourceQuality "1"]

1. d4 d5 2. c4 e6 3. Nc3 f5 4. Nf3 Nf6 5. Bg5 Be7 6. e3 O-O 7. Bd3 Ne4 8. Bxe7 Qxe7 9. cxd5 Nxc3 10. bxc3 exd5 11. O-O Be6 12. Qb3 b6 13. c4 Nc6 14. Qb5 Nb4 15. cxd5 a6 16. Qc4 Bxd5 17. Qc3 Rf6 18. Bc4 Kh8 19. Bxd5 Nxd5 20. Qb3 Rd8 21. Rfc1 f4 22. Ne5 fxe3 23. fxe3 c5 24. Rf1 c4 25. Nxc4 Qe4 26. Rxf6 gxf6 27. Re1 Rg8 28. g3 Nf4 29. Qb2 Nh3+ 30. Kf1 0-1

[Event "Winnipeg TNT July op"]
[Site "Winnipeg CAN"]
[Date "2011.07.19"]
[Round "3"]
[White "Czypinski, Jaroslaw"]
[Black "Li, Kevin"]
[Result "1/2-1/2"]
[WhiteElo "1941"]
[BlackElo "2210"]
[PlyCount "79"]
[GameId "2160767909704129"]
[EventDate "2011.07.05"]
[EventType "swiss"]
[EventRounds "4"]
[EventCountry "CAN"]
[SourceTitle "EXT 2022"]
[Source "ChessBase"]
[SourceDate "2021.10.06"]
[SourceVersion "1"]
[SourceVersionDate "2021.10.06"]
[SourceQuality "1"]

1. d4 Nf6 2. Nf3 e6 3. e3 d5 4. Bd3 c5 5. b3 Nc6 6. Bb2 Be7 7. Nbd2 O-O 8. O-O cxd4 9. exd4 Qc7 10. a3 Nd7 11. Ne5 Ncxe5 12. dxe5 Nc5 13. Be2 f6 14. f4 fxe5 15. fxe5 Na4 16. Rxf8+ Bxf8 17. Bd4 Nc3 18. Bxc3 Qxc3 19. Nf3 Bd7 20. Bd3 Be7 21. a4 Rf8 22. Qe1 Bb4 23. Qxc3 Bxc3 24. Rd1 a6 25. Be2 b5 26. axb5 axb5 27. Bd3 b4 28. Be2 h6 29. g3 g5 30. Nd4 Kf7 31. Kf2 Ke7+ 32. Ke3 Be8 33. Bg4 Bf7 34. Rf1 h5 35. Be2 g4 36. Bd3 Ra8 37. Nc6+ Ke8 38. Bb5 Kf8 39. Nd4 Ke7 40. Nc6+ 1/2-1/2

[Event "Winnipeg TNT July op"]
[Site "Winnipeg CAN"]
[Date "2011.07.19"]
[Round "3"]
[White "Milord, Frank"]
[Black "Pottinger, Carl"]
[Result "0-1"]
[WhiteElo "1662"]
[BlackElo "1892"]
[PlyCount "44"]
[GameId "2160767909704130"]
[EventDate "2011.07.05"]
[EventType "swiss"]
[EventRounds "4"]
[EventCountry "CAN"]
[SourceTitle "EXT 2022"]
[Source "ChessBase"]
[SourceDate "2021.10.06"]
[SourceVersion "1"]
[SourceVersionDate "2021.10.06"]
[SourceQuality "1"]

1. d4 Nf6 2. c4 e6 3. Nc3 c5 4. d5 exd5 5. cxd5 d6 6. e4 g6 7. Nf3 Bg7 8. Bd3 O-O 9. O-O Bg4 10. h3 Bxf3 11. Qxf3 a6 12. a4 Nbd7 13. Bf4 Qe7 14. Rfe1 Ne5 15. Bxe5 Qxe5 16. Rab1 Nd7 17. Qe3 Rfe8 18. a5 Qe7 19. Qd2 Qh4 20. Ne2 Ne5 21. Qf4 Qxf4 22. Nxf4 Bh6 0-1

[Event "Winnipeg TNT July op"]
[Site "Winnipeg CAN"]
[Date "2011.07.19"]
[Round "3"]
[White "Mundwiler, Les"]
[Black "Lauritson, Jim"]
[Result "1-0"]
[WhiteElo "2052"]
[BlackElo "2023"]
[PlyCount "55"]
[GameId "2160767909704131"]
[EventDate "2011.07.05"]
[EventType "swiss"]
[EventRounds "4"]
[EventCountry "CAN"]
[SourceTitle "EXT 2022"]
[Source "ChessBase"]
[SourceDate "2021.10.06"]
[SourceVersion "1"]
[SourceVersionDate "2021.10.06"]
[SourceQuality "1"]

1. e4 c5 2. Nc3 Nc6 3. g3 g6 4. Bg2 Bg7 5. Nge2 e6 6. O-O Nge7 7. f4 d6 8. d3 O-O 9. g4 f5 10. h3 Rb8 11. Ng3 Nd4 12. Nce2 b5 13. c3 Nxe2+ 14. Qxe2 Bd7 15. Be3 a5 16. Rae1 Re8 17. d4 cxd4 18. Bxd4 Bxd4+ 19. cxd4 Qb6 20. Rd1 Rbc8 21. Kh2 b4 22. Qf2 Ba4 23. b3 Bb5 24. Rfe1 Bd7 25. Qd2 Qb5 26. d5 exd5 27. exf5 gxf5 28. Nh5 1-0

[Event "Winnipeg TNT July op"]
[Site "Winnipeg CAN"]
[Date "2011.07.19"]
[Round "3"]
[White "Reimer, Bruce"]
[Black "Rutter, Blair"]
[Result "1-0"]
[WhiteElo "1641"]
[BlackElo "1876"]
[PlyCount "63"]
[GameId "2160767909704132"]
[EventDate "2011.07.05"]
[EventType "swiss"]
[EventRounds "4"]
[EventCountry "CAN"]
[SourceTitle "EXT 2022"]
[Source "ChessBase"]
[SourceDate "2021.10.06"]
[SourceVersion "1"]
[SourceVersionDate "2021.10.06"]
[SourceQuality "1"]

1. c4 c5 2. g3 g6 3. Bg2 Bg7 4. Nc3 Nc6 5. e4 e5 6. Nge2 d6 7. O-O Nge7 8. d3 O-O 9. Be3 Rb8 10. Qd2 a6 11. Bh6 Bd7 12. Bxg7 Kxg7 13. f4 f5 14. exf5 Bxf5 15. Nd5 Nxd5 16. Bxd5 Qd7 17. a3 b5 18. fxe5 Nxe5 19. Nf4 g5 20. Nh5+ Kh6 21. h4 Qe7 22. g4 Bxg4 23. Rf6+ Qxf6 24. Nxf6 Kg7 25. Qxg5+ Kh8 26. Nxg4 Ng6 27. Rf1 Rxf1+ 28. Kxf1 Rf8+ 29. Kg1 Nf4 30. Kh2 Nxd3 31. Nf6 Ne5 32. Qh6 1-0

[Event "Winnipeg TNT July op"]
[Site "Winnipeg CAN"]
[Date "2011.07.19"]
[Round "3"]
[White "Trueman, Francis"]
[Black "Leaden, Bruce"]
[Result "0-1"]
[WhiteElo "1458"]
[BlackElo "1487"]
[PlyCount "74"]
[GameId "2160767909704133"]
[EventDate "2011.07.05"]
[EventType "swiss"]
[EventRounds "4"]
[EventCountry "CAN"]
[SourceTitle "EXT 2022"]
[Source "ChessBase"]
[SourceDate "2021.10.06"]
[SourceVersion "1"]
[SourceVersionDate "2021.10.06"]
[SourceQuality "1"]

1. Nf3 Nc6 2. e4 e5 3. d3 Bc5 4. Nbd2 a6 5. g3 Nf6 6. h3 d6 7. Bg2 O-O 8. O-O Be6 9. Qe2 Nd4 10. Nxd4 Bxd4 11. c3 Ba7 12. Nf3 h6 13. d4 exd4 14. cxd4 Re8 15. Nh2 Bd7 16. Rd1 Nxe4 17. Be3 Ng5 18. Bxb7 Nxh3+ 19. Kg2 Rb8 20. Bf3 Ng5 21. Bd5 c6 22. Bb3 Bh3+ 23. Kg1 Rb4 24. Qxa6 Qb6 25. Qxb6 Bxb6 26. Rac1 Bd7 27. Bf4 Rxd4 28. Rxd4 Bxd4 29. Bxd6 Bxf2+ 30. Kg2 Re2 31. Kf1 Rxb2 32. Bc2 Be3 33. Re1 Bb6 34. Re2 g6 35. Rd2 Rxa2 36. Be5 Bf5 37. Re2 Rxc2 0-1

[Event "Winnipeg TNT July op"]
[Site "Winnipeg CAN"]
[Date "2011.07.19"]
[Round "3"]
[White "Wasserman, Leor"]
[Black "De los Santos, Christopher"]
[Result "1/2-1/2"]
[WhiteElo "1829"]
[BlackElo "1600"]
[PlyCount "58"]
[GameId "2160767909704134"]
[EventDate "2011.07.05"]
[EventType "swiss"]
[EventRounds "4"]
[EventCountry "CAN"]
[SourceTitle "EXT 2022"]
[Source "ChessBase"]
[SourceDate "2021.10.06"]
[SourceVersion "1"]
[SourceVersionDate "2021.10.06"]
[SourceQuality "1"]

1. e4 c6 2. d4 d5 3. exd5 cxd5 4. Nf3 Nf6 5. Be2 Nc6 6. O-O Bg4 7. Nc3 e6 8. Bf4 Be7 9. h3 Bxf3 10. Bxf3 Qb6 11. Ne2 O-O 12. Qd2 Rac8 13. c3 Rfd8 14. Nc1 Na5 15. b3 Nc6 16. Nd3 a5 17. Be3 Qc7 18. b4 a4 19. Nc5 b5 20. a3 Bxc5 21. bxc5 Na5 22. Bf4 Qe7 23. Qb2 Qd7 24. Be2 Nc4 25. Bxc4 bxc4 26. f3 Qc6 27. Qc2 Nd7 28. Rab1 Nxc5 29. dxc5 Qxc5+ 1/2-1/2

[Event "Winnipeg TNT July op"]
[Site "Winnipeg CAN"]
[Date "2011.07.19"]
[Round "3"]
[White "Wolchock, Theo"]
[Black "Kernetsky, Myron"]
[Result "0-1"]
[WhiteElo "1676"]
[BlackElo "1987"]
[PlyCount "72"]
[GameId "2160767909704135"]
[EventDate "2011.07.05"]
[EventType "swiss"]
[EventRounds "4"]
[EventCountry "CAN"]
[SourceTitle "EXT 2022"]
[Source "ChessBase"]
[SourceDate "2021.10.06"]
[SourceVersion "1"]
[SourceVersionDate "2021.10.06"]
[SourceQuality "1"]

1. c4 e5 2. g3 Nc6 3. Bg2 f5 4. e3 g6 5. Ne2 Bg7 6. Nbc3 d6 7. O-O Nf6 8. Re1 O-O 9. d4 Rb8 10. a3 Bd7 11. b4 a6 12. Bb2 b5 13. cxb5 axb5 14. Rc1 Qe8 15. Nd5 Nxd5 16. Bxd5+ Kh8 17. Qc2 Ne7 18. Bg2 c6 19. Red1 e4 20. Nf4 d5 21. f3 g5 22. Ne2 Nc8 23. Rf1 Nb6 24. fxe4 fxe4 25. Nc3 Qh5 26. a4 Nc4 27. Rce1 bxa4 28. Nxa4 Rxb4 29. Bc3 Rbb8 30. Nc5 Bg4 31. Qa4 Rbc8 32. Rb1 Nxe3 33. Rxf8+ Rxf8 34. Qa2 Nxg2 35. Qxg2 Bh3 36. Qd2 Qf3 0-1

[Event "Winnipeg TNT July op"]
[Site "Winnipeg CAN"]
[Date "2011.07.26"]
[Round "4"]
[White "Babb, Jeff"]
[Black "Mundwiler, Les"]
[Result "1/2-1/2"]
[WhiteElo "2146"]
[BlackElo "2052"]
[PlyCount "152"]
[GameId "2160767909704136"]
[EventDate "2011.07.05"]
[EventType "swiss"]
[EventRounds "4"]
[EventCountry "CAN"]
[SourceTitle "EXT 2022"]
[Source "ChessBase"]
[SourceDate "2021.10.06"]
[SourceVersion "1"]
[SourceVersionDate "2021.10.06"]
[SourceQuality "1"]

1. e4 e5 2. Nc3 Nf6 3. g3 Bc5 4. Bg2 d6 5. Nge2 Nc6 6. Na4 Bb6 7. O-O Nd4 8. Nxb6 Nxe2+ 9. Qxe2 axb6 10. h3 h6 11. d3 Bd7 12. Be3 c5 13. f4 Qe7 14. f5 Bc6 15. c4 b5 16. b3 b4 17. g4 Nd7 18. Rf3 Ra6 19. h4 Kd8 20. g5 hxg5 21. hxg5 Kc7 22. Qd2 f6 23. g6 Raa8 24. Qb2 Ra3 25. Bc1 Raa8 26. Qd2 Nb8 27. Rg3 Na6 28. Bf3 Rh4 29. Rg4 Rh3 30. Bg2 Rh5 31. Qf2 Rah8 32. Be3 Kd7 33. Qd2 Qd8 34. Rf1 Qa5 35. Rg3 Nc7 36. a4 Ne8 37. Bf3 Rh4 38. Rg4 Rxg4+ 39. Bxg4 Qd8 40. Rf2 Rh4 41. Bf3 Qe7 42. Rh2 Rxh2 43. Qxh2 Qf8 44. Kf2 Nc7 45. Ke1 Ne8 46. Bd1 Nc7 47. Qh7 Ne8 48. Kd2 Kc7 49. Kc1 Kd7 50. Kb2 Kc7 51. Bc2 Kd7 52. Qh4 Nc7 53. Bf2 Ne8 54. Qh1 Nc7 55. Qh7 Ne8 56. Bh4 Kc7 57. Be1 Kd7 58. Qh2 Kc7 59. Bd2 Kd7 60. Qh1 Nc7 61. Qh3 Ne8 62. Qh4 Kc7 63. Qe1 Kd7 64. a5 Nc7 65. Bxb4 cxb4 66. Qxb4 Qa8 67. Qc3 Qa7 68. b4 Qd4 69. Qxd4 exd4 70. b5 Nxb5 71. cxb5 Bxb5 72. Ka3 Ba6 73. Kb4 Kc7 74. Ka4 b6 75. axb6+ Kxb6 76. Kb4 Bb5 1/2-1/2

[Event "Winnipeg TNT July op"]
[Site "Winnipeg CAN"]
[Date "2011.07.26"]
[Round "4"]
[White "Czypinski, Jaroslaw"]
[Black "Bince, Rolando"]
[Result "0-1"]
[WhiteElo "1941"]
[BlackElo "2064"]
[PlyCount "74"]
[GameId "2160767909704137"]
[EventDate "2011.07.05"]
[EventType "swiss"]
[EventRounds "4"]
[EventCountry "CAN"]
[SourceTitle "EXT 2022"]
[Source "ChessBase"]
[SourceDate "2021.10.06"]
[SourceVersion "1"]
[SourceVersionDate "2021.10.06"]
[SourceQuality "1"]

1. e4 e6 2. d4 d5 3. exd5 exd5 4. Bd3 Nf6 5. Nf3 Bg4 6. h3 Bh5 7. Bg5 Be7 8. Nbd2 O-O 9. c3 c5 10. dxc5 Bxc5 11. O-O Nc6 12. Qc2 h6 13. Bh4 Bxf3 14. Nxf3 Qd6 15. Bg3 Qxg3 16. Rae1 Qc7 17. Re2 Rfe8 18. Rfe1 Rxe2 19. Rxe2 Re8 20. Rxe8+ Nxe8 21. Qa4 Kf8 22. Qb5 Ne7 23. Bc2 a6 24. Qd3 Nf6 25. Nd4 Qe5 26. Qd2 Bxd4 27. cxd4 Qc7 28. Qe2 g6 29. g3 Kg7 30. h4 Nc6 31. Qd2 Qb6 32. h5 Qxb2 33. hxg6 fxg6 34. Qd3 Ne4 35. f3 Qxd4+ 36. Qxd4+ Nxd4 37. Bd1 Nc3 0-1

[Event "Winnipeg TNT July op"]
[Site "Winnipeg CAN"]
[Date "2011.07.26"]
[Round "4"]
[White "De los Santos, Christopher"]
[Black "Campbell, Gary"]
[Result "1-0"]
[WhiteElo "1600"]
[BlackElo "1711"]
[PlyCount "53"]
[GameId "2160767909704138"]
[EventDate "2011.07.05"]
[EventType "swiss"]
[EventRounds "4"]
[EventCountry "CAN"]
[SourceTitle "EXT 2022"]
[Source "ChessBase"]
[SourceDate "2021.10.06"]
[SourceVersion "1"]
[SourceVersionDate "2021.10.06"]
[SourceQuality "1"]

1. d4 d5 2. c4 e6 3. Nc3 Be7 4. Nf3 Nf6 5. Bg5 h6 6. Bh4 O-O 7. e3 Nbd7 8. Bd3 dxc4 9. Bxc4 c5 10. O-O cxd4 11. exd4 a6 12. a4 Nb6 13. Bb3 Nbd5 14. Re1 Qa5 15. Nxd5 Nxd5 16. Bxe7 Nxe7 17. Qd3 Qf5 18. Qd2 Rd8 19. Re5 Qf6 20. Rae1 Nc6 21. R5e4 Bd7 22. Bc2 g5 23. h4 Kh8 24. hxg5 hxg5 25. Nxg5 Kg7 26. Rf4 Qxg5 27. Rxf7+ 1-0

[Event "Winnipeg TNT July op"]
[Site "Winnipeg CAN"]
[Date "2011.07.26"]
[Round "4"]
[White "Iomdina, Alexander"]
[Black "Baron, Cody"]
[Result "1-0"]
[WhiteElo "1403"]
[BlackElo "1302"]
[PlyCount "73"]
[GameId "2160767909704139"]
[EventDate "2011.07.05"]
[EventType "swiss"]
[EventRounds "4"]
[EventCountry "CAN"]
[SourceTitle "EXT 2022"]
[Source "ChessBase"]
[SourceDate "2021.10.06"]
[SourceVersion "1"]
[SourceVersionDate "2021.10.06"]
[SourceQuality "1"]

1. d4 d5 2. c4 Nf6 3. Nc3 dxc4 4. e4 Nc6 5. Nf3 Bg4 6. d5 Bxf3 7. Qxf3 Nd4 8. Qd1 e5 9. Be3 Bc5 10. f4 Qd6 11. Bxc4 O-O 12. O-O c6 13. dxc6 Qxc6 14. fxe5 Ne6 15. Qe2 Nxe4 16. Bxe6 Nxc3 17. Bxf7+ Rxf7 18. bxc3 Re8 19. Rxf7 Kxf7 20. Qc4+ Re6 21. Qxc5 Qxc5 22. Bxc5 Rxe5 23. Bxa7 Re2 24. a4 g5 25. c4 Ke6 26. c5 Rc2 27. a5 Rb2 28. a6 bxa6 29. Rxa6+ Ke5 30. c6 Rc2 31. Bb8+ Kd5 32. c7 h5 33. Ra5+ Ke4 34. Rxg5 Ke3 35. h3 Kf4 36. Rg8 h4 37. c8=Q+ 1-0